Ley de propaganda comercial que utiliza imagen de la mujer. N° 5811 /

保存先:
書誌詳細
共著者: Costa Rica. Leyes y Decretos, Costa Rica. Ministerio de Gobernación Policía y Gracia, Costa Rica. Ministerio de Cultura, Juventud y Deportes. Dirección General de Mujer y Familia
フォーマット: テキスト
出版事項: San José: MCJD
タグ: タグ追加
タグなし, このレコードへの初めてのタグを付けませんか!

MARC

LEADER 00000 a a2200000 04500
001 21788
003
040
090 |a 097700  
110 |a Costa Rica. Leyes y Decretos  
245 |a Ley de propaganda comercial que utiliza imagen de la mujer. N° 5811 /  |c Costa Rica. Leyes y Decretos  
260 |a San José:   |b MCJD  
300 |a 2 h.  
710 |a Costa Rica. Ministerio de Gobernación Policía y Gracia  
710 |a Costa Rica. Ministerio de Cultura, Juventud y Deportes. Dirección General de Mujer y Familia  
999 |c 17466  |d 17466